Wszystkie przystanki linii tramwajowej numer 4 we Wrocławiu - Statystyki

Ogólne statystyki
  • Ten quiz został rozwiązany 15 razy
  • Średni wynik to 24 z 30
Statystyki odpowiedzi
Hint Odpowiedź % Poprawnych
30 Biskupin
100%
25 ZOO
100%
7 Bzowa Centrum Historii Zajezdnia
93%
2 Grabiszyńska Cmentarz II
93%
3 Grabiszyńska Cmentarz
93%
11 Grabiszyńska
93%
24 Hala Stulecia
93%
23 Kliniki
93%
14 Arkady Capitol
86%
15 Dworzec Główny
86%
1 OPORÓW
86%
22 Pl. Grunwaldzki
86%
13 pl. Legionów
86%
26 Tramwajowa
86%
20 Urząd Wojewódzki ( Impart )
86%
5 FAT
79%
6 Hutmen
79%
12 Kolejowa
79%
18 Komuny Paryskiej
79%
21 Most Grunwaldzki
79%
10 Pereca
79%
8 pl. Srebrny
79%
19 pl. Wróblewskiego
79%
28 Piramowicza ( Kampus Biskupin )
71%
9 Stalowa
71%
27 Chełmońskiego
64%
4 Fiołkowa
64%
17 Kościuszki
57%
29 Spółdzielcza
57%
16 Puławskiego
43%
Nie znaleziono quizów pasujących do podanych kryteriów
Rozkład punktacji
Procent ludzi z każdym wynikiem
Percentyl według liczby udzielonych odpowiedzi
Twoja historia wyników
Nie rozwiązałeś tego quizu